000 00317nam a22001457a 4500
008 210225b ||||| |||| 00| 0 eng d
020 _a9781608404490
041 _aeng
080 _a510
082 _a510
100 _a36
101 _aMAT
245 _aBig ideas Math
_cLarson, R & Boswell, L
942 _2udc
_cBK
999 _c55192
_d55192